Kpop groups by the emoji(s) - Statistics

General Stats
  • This quiz has been taken 647 times
  • The average score is 9 of 20
Answer Stats
Hint Answer % Correct
➕✖️➕ TXT
90%
🖤💗 Blackpink
89%
🔴🍰 Red velvet
85%
💜💋 Purple kiss
77%
🤱🐄 Mamamoo
67%
💳 Kard
59%
✌️ Twice
59%
🏆 Winner
58%
👬👬👬👬👬👬👬👬👬👬👬🧍‍♂️ NCT
49%
💜 BTS
48%
👹❌ Monsta X
42%
Enhypen
36%
😲👧 Oh my girl
34%
👧👧👉👧👩👵 Girls' generation
29%
🏴‍☠️💰 Treasure
28%
😴🎣 Dreamcatcher
25%
🌙 Loona
22%
🥇🧒 Golden child
12%
👧🌄 Girls day
5%
🥴🐯 Drunken Tiger
2%
No matching quizzes found
Score Distribution
Percent of People with Each Score
Percentile by Number Answered
Your Score History
You have not taken this quiz